| 000 | 00450 a2200157 4500 | ||
|---|---|---|---|
| 999 |
_c6435 _d6435 |
||
| 020 | _a9781853393419 | ||
| 050 | _aQH75LIF 1996 | ||
| 100 |
_aBaumann Miges _eeditor |
||
| 245 |
_aThe Life Industry: _bbiodiversity, people and profits |
||
| 264 |
_aLondon: _bIntermediate Technology Publications, _c1996 |
||
| 300 |
_a206p.: _bill. |
||
| 500 | _aIncludes index | ||
| 650 | _aLife Industry | ||
| 700 |
_aJanet Bell _eeditor |
||
| 942 |
_2lcc _cBK _h75 _iLIF _kQH |
||